=LDR 00000nam 2200000 4500 =001 INLIS000000000054289 =005 20200116071148 =035 ##$$a 0010-0120000067 =007 ta =008 200116###########################0###### =020 ##$$a 978-602-7735-18-7 =082 ##$$a 028.5 =084 ##$$a 028.5 ARU z =100 #$$a Arumi =245 1#$$a Zara sang detektif cilik /$c Arumi =260 ##$$a Jakarta :$b Zettu,$c 2013 =300 ##$$a 140 hlm : $b ilus ; $c 21 cm. =650 ##$$a Bacaan kanak-kanak